000 00968nam a22002651 4500
001 9175
003 BD-RjUL
005 20211208234730.0
008 140120s1963 nyua b 000 0 eng d
035 _a(BD-RjUL)9220
040 _aDLC/ICU
_cICU
_dDLC
_d(BD-RjUL)
_beng
041 1 _aengrus
082 _222
_a 662.6623
_bVOE
100 1 _aVolʹkenshteĭn, F. F.
_q(Fedor Fedorovich)
_928474
245 1 4 _aThe electronic theory of catalysis on semiconductors /
_cTranslated by N.G. Anderson; translation edited by E.J.H. Birch.
260 _aOxford :
_aNew York :
_bPergamon Press; [distributed in the Western Hemisphere by Macmillan, New York]
_c1963.
300 _avi, 169 p. :
_bdiagrs. ;
_c23 cm.
504 _aBibliography: p. 160-164.
650 0 _aCatalysis.
_928475
650 0 _aSemiconductors.
_928029
942 _2ddc
_cBK
999 _c9175
_d9175